000 00833nam a22002297a 4500
003 UA-OsUOA
001 58697
007 ta
008 20090218b un ||||| |||| 00| 0 ukr d
090 _a339.13
942 _cBK
040 _aUA-OsUOA
_bukr
_cUA-OsUOA
_dUA-OsUOA
245 _aЕкономічне диво: витоки, фактори, механізми функціонування
_bМатеріали Міжвідомчої науково-теоретичної конференції
300 _a96 с.
955 _a1
041 _aukr
080 _a339.13
020 _a966-02-4012-9
260 _aК.
_bІн-т світової економіки і міжнародних відносин НАНУ
_c2006
650 7 _a339.1 Загальні питання торгівлі. Ринок
_2UDC
999 _c344733
_d344733